Soziale Fehlanpassung Jugendlicher und familiengerichtliche Verfahren
| Main Author: | |
|---|---|
| Format: | Print Article |
| Language: | German |
| Published: |
1988
|
| In: |
Drittes deutsch-polnisches Kolloquium über Strafrecht und Kriminologie
Year: 1988, Pages: 355-375 |
| Availability in Tübingen: | Present in Tübingen. IFK: In: F VI 204 |
| Check availability: | HBZ Gateway |
| Keywords: |
MARC
| LEADER | 00000caa a22000002c 4500 | ||
|---|---|---|---|
| 001 | 1425008836 | ||
| 003 | DE-627 | ||
| 005 | 20220530124106.0 | ||
| 007 | tu | ||
| 008 | 111215s1988 xx ||||| 00| ||ger c | ||
| 035 | |a (DE-627)1425008836 | ||
| 035 | |a (DE-576)355008831 | ||
| 035 | |a (DE-599)BSZ355008831 | ||
| 040 | |a DE-627 |b ger |c DE-627 |e rakwb | ||
| 041 | |a ger | ||
| 100 | 1 | |a Ostrihanska, Zofia |4 aut | |
| 245 | 1 | 0 | |a Soziale Fehlanpassung Jugendlicher und familiengerichtliche Verfahren |c Zofia Ostrihanska |
| 264 | 1 | |c 1988 | |
| 336 | |a Text |b txt |2 rdacontent | ||
| 337 | |a ohne Hilfsmittel zu benutzen |b n |2 rdamedia | ||
| 338 | |a Band |b nc |2 rdacarrier | ||
| 773 | 0 | 8 | |i In |t Drittes deutsch-polnisches Kolloquium über Strafrecht und Kriminologie |d 1988 |g (1988), Seite 355-375 |w (DE-627)142496167X |w (DE-576)354961675 |7 nnam |
| 773 | 1 | 8 | |g year:1988 |g pages:355-375 |
| 951 | |a AR | ||
| ELC | |b 1 | ||
| LOK | |0 000 xxxxxcx a22 zn 4500 | ||
| LOK | |0 001 2698306920 | ||
| LOK | |0 003 DE-627 | ||
| LOK | |0 004 1425008836 | ||
| LOK | |0 005 20141117145833 | ||
| LOK | |0 008 111215||||||||||||||||ger||||||| | ||
| LOK | |0 040 |a DE-21-110 |c DE-627 |d DE-21-110 | ||
| LOK | |0 689 |a s |a Familiengericht | ||
| LOK | |0 689 |a s |a Jugendstrafrecht | ||
| LOK | |0 689 |a g |a Polen | ||
| LOK | |0 689 |a s |a Soziale Fehlanpassung | ||
| LOK | |0 689 |a s |a Prävalenzstudien | ||
| LOK | |0 689 |a s |a Verlaufsuntersuchungen | ||
| LOK | |0 689 |a s |a Schülerdelinquenz | ||
| LOK | |0 689 |a s |a Dissozialität | ||
| LOK | |0 689 |a s |a Verhaltensstörungen | ||
| LOK | |0 689 |a s |a Frühauffälligkeit | ||
| LOK | |0 689 |a s |a Täterbefragungen | ||
| LOK | |0 689 |a s |a Kinderkriminalität | ||
| LOK | |0 689 |a s |a Stigmatisierung | ||
| LOK | |0 852 |a DE-21-110 | ||
| LOK | |0 852 1 |c In: F VI 204 |m p |9 00 | ||
| LOK | |0 935 |a k110 | ||
| LOK | |0 938 |k p | ||
| LOK | |0 939 |a 15-12-11 |b l01 | ||
| ORI | |a SA-MARC-krimdoka001.raw | ||
| SIG | |a IFK: In: F VI 204 | ||
